|
|
|
|
| LEADER |
00000cam a2200000 7i4500 |
| 001 |
0000001630 |
| 005 |
20040107.0 |
| 090 |
0 |
0 |
|a 631.41
|b OHT 1992
|
| 100 |
1 |
0 |
|a OHTA
|h Seiichi
|
| 245 |
1 |
0 |
|a Characteristics of major soils under lowland dipterocarp forest in East Kalimanatan, Indonesia
|c Seiichi Ohta ... (et al.)
|
| 260 |
0 |
0 |
|a Samarinda, Kalimantan Timur, Indonesia :
|b PUSREHUT ,
|c 1992
|
| 300 |
|
|
|a 72 p. :
|b ill. ;
|c 25 cm.
|
| 440 |
0 |
0 |
|a PUSREHUT special publication; n. 2
|
| 500 |
0 |
0 |
|a Bibliography : p. 61-62
|
| 650 |
0 |
0 |
|a Plant-soil relationships
|
| 650 |
0 |
0 |
|a Soil science
|
| 650 |
0 |
0 |
|a Soils
|z Indonesia
|z Kalimantan
|
| 998 |
|
|
|a JPSM
|
| 999 |
|
|
|a 0000002635
|b Monograph
|c Open Shelf
|e Default branch
|